La vida en común : (Record no. 209301)

MARC details
000 -CABECERA
campo de control de longitud fija 00789nam a22002537a 4500
003 - IDENTIFICADOR DEL NÚMERO DE CONTROL
campo de control UPN
005 - FECHA Y HORA DE LA ÚLTIMA TRANSACCIÓN
campo de control 20250208063747.0
008 - ELEMENTOS DE LONGITUD FIJA--INFORMACIÓN GENERAL
campo de control de longitud fija 230309s2021 sp| |||gr|||| 00| 0 spa d
020 ## - NÚMERO INTERNACIONAL NORMALIZADO PARA LIBROS
Número Internacional Estándar del Libro 9788418526121
040 ## - FUENTE DE LA CATALOGACIÓN
Centro catalogador/agencia de origen MX-MxUPN
Lengua de catalogación spa
050 #4 - SIGNATURA TOPOGRÁFICA DE LA BIBLIOTECA DEL CONGRESO
Número de clasificación HQ1090
Número de documento/Ítem S25 2021
100 1# - ASIENTO PRINCIPAL--NOMBRE PERSONAL
9 (RLIN) 48213
Nombre de persona Salazar Benítez, Octavio
245 13 - MENCIÓN DE TÍTULO
Título La vida en común :
Resto del título los hombres (que deberíamos ser) después del coronavirus
250 ## - MENCIÓN DE EDICIÓN
Mención de edición Primera edición
260 ## - PUBLICACIÓN, DISTRIBUCIÓN, ETC.
Lugar de publicación, distribución, etc. Barcelona :
Nombre del editor, distribuidor, etc. Galaxia Gutenberg,
Fecha de publicación, distribución, etc. 2021
300 ## - DESCRIPCIÓN FÍSICA
Extensión 217 páginas
650 #4 - ASIENTO SECUNDARIO DE MATERIA - TERMINO TEMATICO
9 (RLIN) 14713
Término de materia o nombre geográfico como elemento de entrada Masculinidad
650 #4 - ASIENTO SECUNDARIO DE MATERIA - TERMINO TEMATICO
Término de materia o nombre geográfico como elemento de entrada Feminismo
9 (RLIN) 8967
650 #0 - ASIENTO SECUNDARIO DE MATERIA - TERMINO TEMATICO
9 (RLIN) 1566
Término de materia o nombre geográfico como elemento de entrada Relación hombre-mujer
650 #4 - ASIENTO SECUNDARIO DE MATERIA - TERMINO TEMATICO
Término de materia o nombre geográfico como elemento de entrada Pandemia de COVID-19, 2020-2023
Subdivisión general Aspectos sociales
9 (RLIN) 46845
902 ## - ELEMENTOS DE DATOS B LOCAL, LDB (RLIN)
Creó VíctorGodínez/090323
942 ## - ELEMENTOS DE PUNTO DE ACCESO ADICIONAL (KOHA)
Fuente del sistema de clasificación o colocación Library of Congress Classification
Tipo de ítem Koha Libro
Holdings
Estado de retiro Estado de pérdida Fuente del sistema de clasificación o colocación Estado dañado No para préstamo Código de colección Localización permanente Ubicación/localización actual Ubicación en estantería Fecha de adquisición Total de préstamos Clasificación Código de barras Fecha visto por última vez Fecha del último préstamo Tipo de ítem Koha Nota pública En préstamo Número de copia
    Library of Congress Classification     Colección General Bib. Gregorio Torres Quintero Bib. Gregorio Torres Quintero Planta baja 09/03/2023 1 HQ1090 S25 2021 336396 22/05/2023 03/05/2023 Libro Bibliografía de la Unidad de Igualdad de Género e Inclusión    
    Library of Congress Classification     Colección General Bib. Gregorio Torres Quintero Bib. Gregorio Torres Quintero Planta baja 09/03/2023 1 HQ1090 S25 2021 336397 13/04/2026 13/04/2026 Libro Bibliografía de la Unidad de Igualdad de Género e Inclusión 27/04/2026 Ej.2